00509nam a22001577a 450000500170000001000150001702000300003203500140006203700130007608200080008910000210009724500750011826000560019327000810024930000210033020210330122455.0 aENG-129324 c245.00a978-81-948200-6-2 aEN-112856 bDBAD/PUB a880 aTaneja, Narendra aMy Thoughts, My Motherland: Quest for a Golden India/cNarendra Taneja aNew DelhibVitasta Publishing Pvt. Ltd.(OPUS)c2021 bNew Delhia2/15, Ansari Roaad, Daryaganje110002minfo@vitastapublishing.com a151p.c21cm(hbk)